| 000 | 00444pab a2200145 454500 | ||
|---|---|---|---|
| 008 | 180718b1988 xxu||||| |||| 00| 0 eng d | ||
| 100 | _aNinan, K.N. | ||
| 245 | _aFactors influencing growth and instability in oilseeds production - the case of Groundnut and Rapeseed Mustard | ||
| 260 | _c1988 | ||
| 300 | _a1065-75 | ||
| 362 | _aMar. | ||
| 650 | _aOils And Fats, Edible - India | ||
| 773 | _aAgricultural Situation in India | ||
| 909 | _a14373 | ||
| 999 |
_c14373 _d14373 |
||